00461nam a22001577a 4500003000600000005001700006008004100023040000800064082001600072100001800088245006000106260005300166300002000219650003700239650002700276GBCCL20241126110549.0180406b ||||| |||| 00| 0 eng d cgbc a248.83bCRO aCrow, Paul A. aNo greater love:bCurriculum area guide /cPaul A. Crow aMissouri:bChristian Board of Publication,c1956 a127 p.;c21 cm. aChristian lifevStudy & Teaching aChurch work with youth